<?xml version="1.0" encoding="UTF-8"?>
<record
    xmlns:xsi="http://www.w3.org/2001/XMLSchema-instance"
    xsi:schemaLocation="http://www.loc.gov/MARC21/slim http://www.loc.gov/standards/marcxml/schema/MARC21slim.xsd"
    xmlns="http://www.loc.gov/MARC21/slim">

  <leader>01163nam a22002297a 4500</leader>
  <datafield tag="999" ind1=" " ind2=" ">
    <subfield code="c">22688</subfield>
    <subfield code="d">22688</subfield>
  </datafield>
  <controlfield tag="003">OSt</controlfield>
  <controlfield tag="005">20230808130555.0</controlfield>
  <controlfield tag="008">230808b           ||||| |||| 00| 0 eng d</controlfield>
  <datafield tag="020" ind1=" " ind2=" ">
    <subfield code="a">978-612-00-6726-0</subfield>
  </datafield>
  <datafield tag="040" ind1=" " ind2=" ">
    <subfield code="a">Municipalidad Provincial del Cusco</subfield>
    <subfield code="b">spa</subfield>
    <subfield code="c">Biblioteca Municipal del Cusco</subfield>
  </datafield>
  <datafield tag="082" ind1=" " ind2=" ">
    <subfield code="a">378.155 / E88I</subfield>
    <subfield code="b">E88I</subfield>
  </datafield>
  <datafield tag="100" ind1=" " ind2=" ">
    <subfield code="9">38300</subfield>
    <subfield code="a">Espinoza Herrera, Nemesio</subfield>
  </datafield>
  <datafield tag="245" ind1=" " ind2=" ">
    <subfield code="a">Introducci&#xF3;n a los fundamentos cient&#xED;ficos y filos&#xF3;ficos de la administraci&#xF3;n / </subfield>
    <subfield code="c">Nemesio Espinoza Herrera</subfield>
  </datafield>
  <datafield tag="250" ind1=" " ind2=" ">
    <subfield code="a">Lima: </subfield>
    <subfield code="b">Nemesio Espinoza Herrera, 2021.</subfield>
  </datafield>
  <datafield tag="260" ind1=" " ind2=" ">
    <subfield code="a">Lima:</subfield>
    <subfield code="b">Imprenta de la Universidad Nacional Mayor de San Marcos.</subfield>
    <subfield code="c">Septiembre-2021</subfield>
  </datafield>
  <datafield tag="300" ind1=" " ind2=" ">
    <subfield code="a">136 p&#xE1;ginas ;</subfield>
    <subfield code="c">20.5 cm.</subfield>
  </datafield>
  <datafield tag="505" ind1=" " ind2=" ">
    <subfield code="a">Aproximaciones al conocimiento y comprensi&#xF3;n de la administraci&#xF3;n -- Aproximaciones al conocimiento y comprensi&#xF3;n de la ciencia de la administraci&#xF3;n -- Aproximaciones a la comprensi&#xF3;n de la relaci&#xF3;n de la administraci&#xF3;n con la filosof&#xED;a -- Empleabilidad de los egresados de las facultades de administraci&#xF3;n 
</subfield>
  </datafield>
  <datafield tag="650" ind1=" " ind2="0">
    <subfield code="9">4472</subfield>
    <subfield code="a">Administraci&#xF3;n</subfield>
  </datafield>
  <datafield tag="650" ind1=" " ind2="0">
    <subfield code="9">21403</subfield>
    <subfield code="a">Ciencia - Epistemolog&#xED;a</subfield>
  </datafield>
  <datafield tag="942" ind1=" " ind2=" ">
    <subfield code="2">ddc</subfield>
    <subfield code="c">LIBROS</subfield>
  </datafield>
  <datafield tag="945" ind1=" " ind2=" ">
    <subfield code="a">vcp</subfield>
    <subfield code="d">2023-08-08</subfield>
  </datafield>
  <datafield tag="952" ind1=" " ind2=" ">
    <subfield code="0">0</subfield>
    <subfield code="1">0</subfield>
    <subfield code="2">ddc</subfield>
    <subfield code="4">0</subfield>
    <subfield code="7">0</subfield>
    <subfield code="a">SH</subfield>
    <subfield code="b">SH</subfield>
    <subfield code="c">CART</subfield>
    <subfield code="d">2023-01-26</subfield>
    <subfield code="o">378.155 / E88I</subfield>
    <subfield code="p">SH0000016525</subfield>
    <subfield code="r">2023-08-08</subfield>
    <subfield code="w">2023-08-08</subfield>
    <subfield code="y">LIBROS</subfield>
  </datafield>
  <datafield tag="952" ind1=" " ind2=" ">
    <subfield code="0">0</subfield>
    <subfield code="1">0</subfield>
    <subfield code="2">ddc</subfield>
    <subfield code="4">0</subfield>
    <subfield code="7">0</subfield>
    <subfield code="a">SH</subfield>
    <subfield code="b">SH</subfield>
    <subfield code="c">CART</subfield>
    <subfield code="d">2023-01-26</subfield>
    <subfield code="o">378.155 / E88I / e.2</subfield>
    <subfield code="p">SH0000016526</subfield>
    <subfield code="r">2023-08-08</subfield>
    <subfield code="t">e.2</subfield>
    <subfield code="w">2023-08-08</subfield>
    <subfield code="y">LIBROS</subfield>
  </datafield>
</record>
